Gramática española : para enseñanza secundaria o comercial /

Tercer volumen del manual para el estudio y aprendizaje del español elaborado por Emilio Marín en cuatro tomos. En este ejemplar se destacan los temas: analogía, prosodia, ortografía, sintaxis y se incluyen al final del texto algunos ejercicios de composición.

Guardado en:
Detalles Bibliográficos
Autor principal: Marín, Emilio (autor)
Formato: Libro
Idioma:Español
Publicado: México : Progreso, 1964, c1948
Edición:29a edición
Colección:(Libros de Lengua Nacional)
Temas:
Etiquetas: Agrega una etiqueta
Sin etiquetas, Sé el primero en etiquetar este registro!

MARC

LEADER 00000nam^a2200000^a^4500
001 000157968
005 20250521000000.0
009 20260310100556.655
037 |a Acervo ITESO - Biblioteca 
041 |a ESP 
082 |a 465.  |b MAR V. 3 
100 |a Marín, Emilio  |e (autor) 
245 1 0 |a Gramática española :  |b para enseñanza secundaria o comercial /  |c E. Marín. 
250 |a 29a edición  |b revisada y aumentada 
264 4 |a México :  |b Progreso,  |c 1964, c1948 
300 |a 368 p. 
336 |a texto  |b txt  |2 rdacontenido 
337 |a sin mediación  |b n  |2 rdamedio 
338 |a volumen  |b nc  |2 rdasoporte 
440 1 |a (Libros de Lengua Nacional) 
520 |a Tercer volumen del manual para el estudio y aprendizaje del español elaborado por Emilio Marín en cuatro tomos. En este ejemplar se destacan los temas: analogía, prosodia, ortografía, sintaxis y se incluyen al final del texto algunos ejercicios de composición. 
649 |a XX 
650 |a Español -  |x Estudio y Enseñanza 
650 |a Lenguas 
650 |a Prosodia 
650 |a Ortografía 
650 |a Fonología 
650 |a Morfología 
650 |a Sintaxis 
650 |a Gramática 
650 |a Lingüística 
910 |a Fondo Salvador Reynoso Reynoso 
920 |a Impresos - Libros 
930 |a Fondos Especiales 
905 |a 112 
901 |a 0800016359  |b IT2  |c ESP  |u 20250521 
902 |a https://opac.biblio.iteso.mx/vufind/Record/000157968